• 首页
  • 本馆介绍
  • 公告通知
  • 最新文献
  • 馆藏检索
  • 电子资源
  • 读者导购
  • 参考咨询
  • 我的图书馆
  • 登录
  • 详细信息显示
  • 放入我的书架
  • 预约/预借图书
  • 作者相关作品
  • 分类相关作品
  • 丛书相关作品
  • 出版社相关作品

书目信息

  • 表格格式
  • 工作单格式
  • 卡片格式
题名:
急性中毒
    
 
作者: 于世鹏 , 高东升 , 李治红 主编
分册:  
出版信息: 北京   中国医药科技出版社  2006
页数: 10,438页
开本: 21cm
丛书名: 急危重症抢救丛书
单 册:
中图分类: R595.059.7
科图分类:
主题词: 急性病--中毒--急救 , 急性病 , 中毒 , 急救
电子资源:
ISBN: 7-5067-3471-0
000 00956oam2 2200301 450
001 1559623186
005 20150130163424.81
010    @a7-5067-3471-0@b精装@dCNY32.00
100    @a20070116d2006 em y0chiy50 ea
101 0  @achi
102    @aCN@b110000
105    @ay z 000yy
200 1  @a急性中毒@9ji xing zhong du@f于世鹏,高东升,李治红主编
210    @a北京@c中国医药科技出版社@d2006
215    @a10,438页@d21cm
225 2  @a急危重症抢救丛书
330    @a本书详细介绍了食物中毒、药物中毒、化学毒剂中毒、金属及类金属中毒、农药中毒及常见动物咬伤的诊断要点、病情评估与抢救措施。
461  0 @12001 @a急危重症抢救丛书
606 0  @a急性病@x中毒@x急救
606 0  @a急性病
606 0  @a中毒
606 0  @a急救
690    @aR595.059.7@v5
701  0 @a于世鹏@9yu shi peng@4主编
701  0 @a高东升@9gao dong sheng@c(医学)@4主编
701  0 @a李治红@9li zhi hong@4主编
801  0 @aCN@bTSSF@c20150130
905    @aZUCC@dR595.059.7@eJY289
    
    急性中毒/于世鹏,高东升,李治红主编.-北京:中国医药科技出版社,2006
    10,438页;21cm.-(急危重症抢救丛书)
    
    
    ISBN 7-5067-3471-0(精装):CNY32.00
    本书详细介绍了食物中毒、药物中毒、化学毒剂中毒、金属及类金属中毒、农药中毒及常见动物咬伤的诊断要点、病情评估与抢救措施。
●
相关链接 在E读中查询图书 在五车中查询图书 在当当中查询图书 在豆瓣中查询图书


正题名:急性中毒     索取号:R595.059.7/JY289         预约/预借

序号 登录号 条形码 馆藏地/架位号 状态 备注
1 7862215   278622153   学院路分馆/ [索取号:R595.059.7/JY289] 在馆    
唐山师范学院图书馆 欢迎您!
大连网信软件有限公司© 版权所有